Bárbaros: los españoles y sus salvajes en la era de la ilustración

Sparad:
Bibliografiska uppgifter
Huvudupphovsman: Weber, David J
Materialtyp: Bok
Språk:spanska
Publicerad: Barcelona, España Crítica 2007
Serie:Libros de Historia
Ämnen:
Taggar: Lägg till en tagg
Inga taggar, Lägg till första taggen!

MARC

LEADER 00000cam a2200000 a 4500
001 UCH1902
003 CL-VaPUC
005 20220729085408.0
008 090520e20070000SP |||||||||||||||||spa|d
999 |c 333796  |d 333794 
020 |a 9788484328605 
040 |c Pontificia Universidad Católica de Valparaíso 
082 0 4 |a 980 WEB 2007  |2 21 
100 0 |a Weber, David J  |9 536504 
245 1 0 |a Bárbaros:  |b  los españoles y sus salvajes en la era de la ilustración 
260 0 3 |a Barcelona, España  |b Crítica  |c 2007 
300 |a 668 páginas 
490 0 |a Libros de Historia 
583 |a last modification  |c 20131007 07:19:06  |k Rodrigo Vera 
650 0 |a Historia de América  |z ESPAÑA  |9 266076 
650 0 |a Conquista de América   |z ESPAÑA  |9 445170 
650 0 |a Aborígenes  |z AMERICA  |9 329972 
942 |c BK  |2 ddc 
945 |d 20090520 00:00:00  |a rbrito 
952 |0 0  |1 0  |2 ddc  |4 0  |6 980_000000000000000_WEB_2007  |7 0  |8 A  |9 422413  |a BIBHIS  |b BIBHIS  |d 2019-11-22  |i 4551001  |o 980 WEB 2007  |p 4551001  |r 2025-01-20  |t 1  |w 2019-11-22  |y BK  |k HIS 
952 |0 0  |1 0  |2 ddc  |3 erb  |4 0  |6 980_000000000000000_WEB_2007  |7 0  |8 A  |9 422414  |a BIBHIS  |b BIBHIS  |d 2019-11-22  |i 5018021  |o 980 WEB 2007  |p 5018021  |r 2025-01-20  |t 2  |w 2019-11-22  |y BK  |z Catalogado en:20131011  |k HIS 
952 |0 0  |1 0  |2 ddc  |3 erb  |4 0  |6 980_000000000000000_WEB_2007  |7 0  |8 A  |9 422415  |a BIBHIS  |b BIBHIS  |i 5337712  |o 980 WEB 2007  |p 5337712  |r 2025-01-20  |t 3  |w 2019-11-22  |y BK  |z Catalogado en:20160811  |k HIS